LIBRARY & INFORMATION CENTRE, KCAET, TAVANUR

ONLINE PUBLIC ACCESS CATALOGUE (OPAC)

Twelfth night / (Record no. 5871)

MARC details
000 -LEADER
fixed length control field 00369cam a2200145ua 4500
041 ## - LANGUAGE CODE
Language code of text/sound track or separate title eng
082 ## - DEWEY DECIMAL CLASSIFICATION NUMBER
Classification number 822
Item number SHA/TW
100 ## - MAIN ENTRY--AUTHOR NAME
Personal name Shakespeare, William.
245 ## - TITLE STATEMENT
Title Twelfth night /
260 ## - PUBLICATION, DISTRIBUTION, ETC. (IMPRINT)
Place of publication London :
Name of publisher Oxford at the Clarendon Press ,
Year of publication 1960.
300 ## - PHYSICAL DESCRIPTION
Number of Pages 159 ; .
942 ## - ADDED ENTRY ELEMENTS (KOHA)
Koha item type Books
Holdings
Withdrawn status Lost status Damaged status Home library Current library Date acquired Full call number Accession Number Koha item type
Withdrawn     KAUAET Sanskrit University 07/04/2012 822 553 Books
free website counter